When human rights clash at the European Court of Human Rights. Conflict or harmony?

Saved in:
Bibliografiske detaljer
Andre forfattere: Smet, Stijn (Editor), Brems, Eva (editora)
Format: Bog
Sprog:engelsk
Udgivet: Oxford, United Kingdom Oxford University Press 2017
Fag:
Online adgang:Disponible Online
Tags: Tilføj Tag
Ingen Tags, Vær først til at tagge denne postø!

MARC

LEADER 00000cam a2200000 a 4500
001 UCC9032
003 CL-VaPUC
005 20210727215718.0
008 190904e20170000uk |||||||||||||||||eng|d
999 |c 375227  |d 375225 
020 |a 9780198795957 
040 |c Pontificia Universidad Católica de Valparaíso 
082 0 4 |a 342.24085 SME 2017  |2 21 
100 0 |a Smet, Stijn  |e editor  |9 603800 
245 1 0 |a When human rights clash at the European Court of Human Rights.  |b Conflict or harmony? 
260 |a Oxford, United Kingdom   |b Oxford University Press  |c 2017 
300 |a 257 p 
583 |a last modification  |c 20190904 15:40:00  |k Rodrigo Vera 
650 0 |a Derechos humanos  |9 223025 
650 7 |a PAISES DE LA UNION EUROPEA  |2 CL-VaPUC  |9 553442 
650 0 |a Tratados internacionales   |9 256056 
700 0 |a Brems, Eva  |e editora  |9 603801 
856 |u https://oxford-universitypressscholarship-com.pucv.idm.oclc.org/view/10.1093/oso/9780198795957.001.0001/oso-9780198795957?rskey=orwm2H&result=1  |y Disponible Online  
942 |c BK  |2 ddc 
945 |d 20190904 15:40:00  |a cmena 
952 |0 0  |1 0  |3 erd  |4 0  |6 342_240850000000000_SME_2017  |7 0  |8 WP_COW  |9 561172  |a BIBDER  |b BIBDER  |e Fundación W and P Cowley  |i 5597757  |o 342.24085 SME 2017  |p 5597757  |r 2023-01-25  |w 2020-03-12  |y BK  |z Catalogado en:20190904  |k WPC